00377cam a2200145 a 4500020001500000040000800015082002600023100002000049245004600069260004500115300002100160650001300181650001300194650002400207 a2914388543 cDLC00a305 MAD 2003 A078 Or.1 aKelman, Gaston.10aJe suis noir et je n'aime pas le manioc / aParis :bMad Max Milo éditions,c2003. a182 p. ;c21 cm. 0aAfricans 0aAfricans 0aMarginality, Social